Základná ekonomická orientácia

Salvato in:
Dettagli Bibliografici
Autore principale: Šlosár, Rudolf
Altri autori: Čapová, Mária, Fabová, Ľudmila
Natura: Libro
Lingua:slovacco
Pubblicazione: Bratislava Arimes 1992
Edizione:1. vyd.
Soggetti:
Tags: Aggiungi Tag
Nessun Tag, puoi essere il primo ad aggiungerne!!

MARC

LEADER 00000nam a2200000 4500
001 c000972
005 20221214091041.5
020 |a 80-900564-4-X 
041 0 |a slo 
044 |a SK 
245 1 0 |a Základná ekonomická orientácia  |c Rudolf Šlosár, Mária Čapová, Ľudmila Fabová 
250 |a 1. vyd. 
264 1 |a Bratislava  |b Arimes  |c 1992 
300 |a 70 s. 
610 2 0 |a veda ekonomická 
610 2 0 |a vedomie ekonomické 
610 2 0 |a hospodárstvo národné 
610 2 0 |a podnikanie 
610 2 0 |a podnik malý 
610 2 0 |a podnik stredný 
610 2 0 |a podnik veľký 
610 2 0 |a podnik súkromný 
610 2 0 |a podnik štátny 
610 2 0 |a intervencionizmus štátny 
610 2 0 |a nástroje ekonomické 
610 2 0 |a hospodárstvo trhové 
610 2 0 |a politika hospodárska 
610 2 0 |a peniaze 
610 2 0 |a banky 
610 2 0 |a rozpočet štátny 
610 2 0 |a politika sociálna 
610 2 0 |a ČSFR 
610 2 0 |a príjmy rozpočtu štátneho 
610 2 0 |a výdavky rozpočtu štátneho 
100 1 |a Šlosár, Rudolf 
700 1 |a Čapová, Mária 
700 1 |a Fabová, Ľudmila